Letter Grid: US States Quiz Stats

 Plays Quiz Updated Jan 28, 2019

Score 0/100 Timer 05:00
3 Plays Today
% Correct
???
90.5%
???
88%
???
87.5%
???
86.5%
???
85.3%
???
80.6%
???
80.5%
???
80.4%
???
80.1%
???
79.8%
???
79.7%
???
79.5%
???
79.1%
???
79%
???
78.9%
???
78.7%
???
78.5%
???
78%
???
78%
???
78%
???
78%
???
78%
???
77.9%
???
77.8%
???
77.7%
???
77.7%
???
77.7%
???
77.7%
???
77.6%
???
77.6%
???
77.5%
???
77.5%
???
77.5%
???
77.3%
% Correct
???
77.2%
???
77.1%
???
76.7%
???
76.6%
???
76.6%
???
76.5%
???
76.5%
???
76.3%
???
76.3%
???
76.3%
???
76.3%
???
76.3%
???
76.2%
???
76.2%
???
76.1%
???
76.1%
???
76.1%
???
76.1%
???
76%
???
76%
???
76%
???
76%
???
75.9%
???
75.9%
???
75.9%
???
75.8%
???
75.8%
???
75.7%
???
75.7%
???
75.7%
???
75.5%
???
75.4%
???
75.3%
???
75.1%
% Correct
???
75.1%
???
75.1%
???
75%
???
75%
???
74.9%
???
74.9%
???
74.8%
???
74.8%
???
74.7%
???
74.7%
???
74.7%
???
74.7%
???
74.7%
???
74.6%
???
74.6%
???
74.6%
???
74.5%
???
74.5%
???
74.5%
???
74.4%
???
74.4%
???
74.4%
???
74.3%
???
74.3%
???
73.8%
???
73.6%
???
73.1%
???
72.4%
???
70.1%
???
66.5%
???
65.6%
???
44.8%

You're not logged in!

Compare scores with friends on all Sporcle quizzes.
OR
Log In

Show Comments

Extras

Top Quizzes Today


Score Distribution

Your Account Isn't Verified!

In order to create a playlist on Sporcle, you need to verify the email address you used during registration. Go to your Sporcle Settings to finish the process.

Report this User

Report this user for behavior that violates our Community Guidelines.

Details: